00410nam a2200181Ia 4500003000900000008004100009040001300050040001300063041000800076100002400084245004800108250001000156260001500166260000900181300000800190490002400198490000600222IT-RoPAU120407s9999 xx 000 0 und d aIT-RoPAU cIT-RoPAU aita aGiovanni Crisostomo aApologia di S. Paolo. A cura di C. Lazzeri. aSiena aCantagalli c1932 c cm aClassici crist., 42 v1